最高気温歴代全国ランキング TOP20 - Statistics

General Stats
  • This quiz has been taken 69 times
    56 since last reset
  • The average score is 9 of 22
Answer Stats
順位 都道府県 地点 観測日 % Correct
埼玉県 熊谷 41.1 2018/07/23
98%
1 群馬県 伊勢崎 41.8 2025/08/05
80%
2 静岡県 静岡 41.4 2025/08/06
80%
6 静岡県 浜松 41.1 2020/08/17
76%
岐阜県 多治見 40.9 2007/08/16
65%
4 群馬県 桐生 41.2 2025/08/05
61%
8 群馬県 前橋 41.0 2025/08/05
59%
山形県 山形 40.8 1933/07/25
53%
18 山梨県 甲府 40.7 2013/08/10
47%
京都府 福知山 40.6 2025/07/30
35%
栃木県 佐野 41.0 2024/07/29
33%
岐阜県 美濃 41.0 2018/08/08
29%
埼玉県 鳩山 41.4 2025/08/05
25%
高知県 江川崎 41.0 2013/08/12
25%
東京都 青梅 40.8 2018/07/23
25%
兵庫県 柏原 41.2 2025/07/30
24%
19 茨城県 古河 40.6 2025/08/05
22%
13 静岡県 天竜 40.9 2020/08/16
16%
和歌山県 かつらぎ 40.6 1994/08/08
14%
岐阜県 金山 41.0 2018/08/06
10%
15 新潟県 中条 40.8 2018/08/23
8%
新潟県 寺泊 40.6 2019/08/15
6%
No matching quizzes found
Score Distribution
Percent of People with Each Score
Percentile by Number Answered
Your Score History
You have not taken this quiz since the last reset